| 000 | 00701nam a2200265 i 4500 | ||
|---|---|---|---|
| 001 | bgj | ||
| 100 | 1 |
_aDICKENS, Charles _d(1812-1870). |
|
| 245 | 1 | 0 |
_aA christmas carol / _cby Charles Dickens ; illustrated by Charles Beck. |
| 260 |
_aNew York : _bScholastic Book Services, _c1970. |
||
| 300 |
_a122 pp : _bill. ; _c20 cm. |
||
| 650 | 9 | _aChristmas | |
| 650 | 9 | _aGhosts | |
| 650 | 9 | _aPoor families | |
| 650 | 9 | _aSick children | |
| 650 | 9 | _aMisers | |
| 650 | 9 | _aChristmas stories | |
| 650 | 9 | _aGhosts stories | |
| 651 | 9 | _aEngland | |
| 655 | _aFiction | ||
| 700 | 1 |
_aBECK, Charles. _eill. |
|
| 040 | _cBPK | ||
| 041 | 0 | _aeng | |
| 942 | _cKS | ||
| 008 | s uk f |000 0 eng | ||
| 999 |
_c48847 _d48847 |
||
| 856 |
_uhttp://koha.tu.koszalin.pl/cgi-bin/koha/opac-detail.pl?biblionumber=48847 _yKatalog online BPK |
||